[Event "DEM U14w 2006"]
[Site "Willingen GER"]
[Date "2006.06.06"]
[Round "5"]
[White "Endress, Anna"]
[Black "Smolkina, Milana"]
[Result "1/2-1/2"]
[Termination "normal"]
[Board "1"]
[WhiteElo "1949"]
[BlackElo "1822"]
[PlyCount "60"]
[WhiteFideId "24629472"]
[BlackFideId "24618780"]
[EventCountry "GER"]
[EventRounds "9"]
[EventType "swiss"]
[EventDate "2006.06.03"]

1. e4 c5 2. Nf3 d6 3. d4 cxd4 4. Nxd4 Nf6 5. Nc3 g6 6. Be3 Bg7 7. f3 O-O 8. Qd2
Nc6 9. Bc4 Bd7 10. O-O-O Rb8 11. Bb3 Na5 12. Bh6 Bxh6 13. Qxh6 b5 14. g4 e5 15.
g5 Nh5 16. Nde2 Nxb3+ 17. cxb3 Be6 18. Ng3 Nf4 19. Nd5 Bxd5 20. exd5 Qe7 21. h4
Rfc8+ 22. Kb1 Qf8 23. Qxf8+ Kxf8 24. h5 Ke7 25. hxg6 hxg6 26. Ne4 Rh8 27. Nf6
Rxh1 28. Rxh1 Rc8 29. a3 a5 30. Rh2 Nd3 1/2-1/2

[Event "DEM U14w 2006"]
[Site "Willingen GER"]
[Date "2006.06.06"]
[Round "5"]
[White "Hohmann, Louisa"]
[Black "Frey, Alisa"]
[Result "0-1"]
[Termination "normal"]
[Board "2"]
[WhiteElo "1662"]
[BlackElo "1877"]
[PlyCount "62"]
[BlackFideId "24634662"]
[EventCountry "GER"]
[EventRounds "9"]
[EventType "swiss"]
[EventDate "2006.06.03"]

1. e4 e5 2. Nf3 Nc6 3. Bb5 a6 4. Ba4 Nf6 5. O-O Nxe4 6. d4 b5 7. Bb3 Be7 8. Re1
d5 9. dxe5 Be6 10. Nc3 Nxc3 11. bxc3 O-O 12. Bf4 Qd7 13. Qd3 h6 14. Nd4 Na5 15.
Nxe6 fxe6 16. Qg3 Bc5 17. Be3 Bxe3 18. Qxe3 Qe7 19. a4 Nb7 20. axb5 axb5 21.
Ra7 Rxa7 22. Qxa7 Qc5 23. Qxc5 Nxc5 24. f3 Ra8 25. Kf2 Nd7 26. f4 c5 27. f5 c4
28. fxe6 Nc5 29. Bxc4 dxc4 30. Ke3 Nxe6 31. Ke4 Rd8 0-1

[Event "DEM U14w 2006"]
[Site "Willingen GER"]
[Date "2006.06.06"]
[Round "5"]
[White "Penne, Bo"]
[Black "Bochis, Julia"]
[Result "0-1"]
[Termination "normal"]
[Board "3"]
[WhiteElo "1867"]
[BlackElo "1828"]
[PlyCount "66"]
[WhiteFideId "24642193"]
[BlackFideId "24647276"]
[EventCountry "GER"]
[EventRounds "9"]
[EventType "swiss"]
[EventDate "2006.06.03"]

1. e4 d5 2. exd5 Qxd5 3. Nc3 Qd6 4. d4 Nf6 5. Nf3 a6 6. Be2 Bg4 7. h3 Bh5 8.
O-O Nc6 9. Be3 O-O-O 10. Ne5 Bxe2 11. Nxe2 Nxe5 12. dxe5 Qxe5 13. Qc1 e6 14.
Re1 Bd6 15. Bf4 Qf5 16. c4 Bxf4 17. Nxf4 g5 18. Ne2 g4 19. h4 Qh5 20. g3 Qf5
21. Nc3 Rd4 22. Ne2 Ne4 23. Rf1 Rd2 24. Nc3 Rhd8 25. Nxe4 Qxe4 26. b3 R8d3 27.
Kh2 Qf3 28. Kg1 Re2 29. Qg5 Kb8 30. Qc5 b6 31. Qg5 Rdd2 32. Qf4 Qxf4 33. gxf4
g3 0-1

[Event "DEM U14w 2006"]
[Site "Willingen GER"]
[Date "2006.06.06"]
[Round "5"]
[White "Blübaum, Johanna"]
[Black "Mijatovic, Andrea"]
[Result "1-0"]
[Termination "normal"]
[Board "4"]
[WhiteElo "1707"]
[BlackElo "1913"]
[PlyCount "48"]
[WhiteFideId "24647373"]
[BlackFideId "14514524"]
[EventCountry "GER"]
[EventRounds "9"]
[EventType "swiss"]
[EventDate "2006.06.03"]

1. d4 d5 2. c4 e6 3. Nc3 c6 4. e3 Nf6 5. Bd3 Nbd7 6. Nf3 Bd6 7. e4 dxe4 8. Nxe4
Nxe4 9. Bxe4 Bb4+ 10. Bd2 Qa5 11. a3 Bxd2+ 12. Qxd2 Qh5 13. O-O O-O 14. Rfe1
Re8 15. Rad1 f6 16. Qc3 e5 17. dxe5 Nxe5 18. Nxe5 Rxe5 19. Rd8+ Kf7 20. Qb4 c5
21. Qd2 Qg4 22. f3 Qh4 23. g3 Qh6 24. Qd6 g5 1-0

[Event "DEM U14w 2006"]
[Site "Willingen GER"]
[Date "2006.06.06"]
[Round "5"]
[White "Müller, Anna-Louise"]
[Black "Mertens, Pauline"]
[Result "0-1"]
[Termination "normal"]
[Board "5"]
[WhiteElo "1432"]
[BlackElo "1658"]
[PlyCount "50"]
[WhiteFideId "4633512"]
[BlackFideId "24671959"]
[EventCountry "GER"]
[EventRounds "9"]
[EventType "swiss"]
[EventDate "2006.06.03"]

1. e4 c5 2. Nf3 d6 3. d4 cxd4 4. Nxd4 Nf6 5. Nc3 a6 6. Bg5 e6 7. Qf3 Be7 8. h4
Nbd7 9. O-O-O Qc7 10. Be2 b5 11. a3 Bb7 12. Bxf6 Nxf6 13. Rd3 Rc8 14. Qg3 g6
15. f3 e5 16. Nb3 O-O 17. h5 a5 18. Na1 b4 19. Nb1 d5 20. exd5 Bxd5 21. hxg6
fxg6 22. Qh3 Rfd8 23. g4 e4 24. fxe4 Bxe4 25. Rxd8+ Bxd8 0-1

[Event "DEM U14w 2006"]
[Site "Willingen GER"]
[Date "2006.06.06"]
[Round "5"]
[White "Schultheiß, Vera"]
[Black "Dorn, Carina"]
[Result "1/2-1/2"]
[Termination "normal"]
[Board "6"]
[WhiteElo "1370"]
[BlackElo "1588"]
[PlyCount "65"]
[BlackFideId "24666335"]
[EventCountry "GER"]
[EventRounds "9"]
[EventType "swiss"]
[EventDate "2006.06.03"]

1. e4 c5 2. Nf3 Nc6 3. d4 cxd4 4. Nxd4 g6 5. Nc3 Bg7 6. Be3 Nf6 7. f3 O-O 8.
Qd2 d6 9. h4 Bd7 10. g4 Qa5 11. O-O-O Rfc8 12. h5 Nb4 13. a3 Rxc3 14. Kb1 Rxe3
15. axb4 Qb6 16. Qxe3 e5 17. hxg6 fxg6 18. Qb3+ d5 19. Ne2 Be6 20. exd5 Nxd5
21. Rxd5 Bxd5 22. Qxd5+ Kh8 23. Qe4 Rd8 24. Bh3 Rd2 25. Nf4 Rd4 26. Nxg6+ hxg6
27. Bf1+ Kg8 28. Bc4+ Kf8 29. Qe2 Qc6 30. Bd3 Rxb4 31. Be4 Qb6 32. b3 Rd4 33.
Rd1 1/2-1/2

[Event "DEM U14w 2006"]
[Site "Willingen GER"]
[Date "2006.06.06"]
[Round "5"]
[White "Garny, Annica"]
[Black "Becher, Anne"]
[Result "1-0"]
[Termination "normal"]
[Board "7"]
[WhiteElo "1195"]
[BlackElo "1555"]
[PlyCount "85"]
[WhiteFideId "24600660"]
[EventCountry "GER"]
[EventRounds "9"]
[EventType "swiss"]
[EventDate "2006.06.03"]

1. e4 c6 2. d4 d5 3. Nc3 dxe4 4. Nxe4 Nd7 5. Ng5 Ngf6 6. Bc4 e6 7. Qe2 Nb6 8.
Bb3 Bd6 9. Bd2 Qc7 10. O-O-O a5 11. a3 Nbd7 12. Nxf7 Rf8 13. Qxe6+ Be7 14. Re1
Nb6 15. Nd6+ Kd8 16. Nxc8 Rxc8 17. Bxa5 Re8 18. Qf5 Nfd7 19. Be6 Rf8 20. Qg4
Ra8 21. b4 Rxa5 22. bxa5 Bxa3+ 23. Kd1 Nd5 24. Ne2 Qxa5 25. Bxd5 Qxd5 26. Qg3
Bd6 27. Qe3 Bb4 28. Nc3 Bxc3 29. Qxc3 Rxf2 30. g3 Qh5+ 31. Kc1 Qg5+ 32. Qe3 Qf6
33. Re2 Rf3 34. Qe8+ Kc7 35. Qe4 Qg5+ 36. Kd1 Qf6 37. Rhe1 Rc3 38. Qf4+ Qxf4
39. gxf4 Rc4 40. Rd2 c5 41. dxc5 Rxf4 42. Re7 Rf1+ 43. Ke2 1-0

[Event "DEM U14w 2006"]
[Site "Willingen GER"]
[Date "2006.06.06"]
[Round "5"]
[White "Falke, Cynthia"]
[Black "Nguyen Minh, Thuy"]
[Result "1-0"]
[Termination "normal"]
[Board "8"]
[WhiteElo "1307"]
[BlackElo "1527"]
[PlyCount "83"]
[WhiteFideId "24600644"]
[BlackFideId "24672688"]
[EventCountry "GER"]
[EventRounds "9"]
[EventType "swiss"]
[EventDate "2006.06.03"]

1. e4 c5 2. Nc3 e6 3. d3 Nc6 4. g3 d5 5. exd5 exd5 6. Bg2 Be6 7. Nf3 Be7 8. Bf4
a6 9. O-O h6 10. Ne5 Nxe5 11. Bxe5 Nf6 12. f4 Ng4 13. Qe2 d4 14. Nd1 Qd7 15. h3
Nxe5 16. Qxe5 O-O 17. f5 Bxa2 18. Rxa2 Bf6 19. Qxc5 Rac8 20. Qd5 Qxd5 21. Bxd5
Rxc2 22. Bxb7 Re8 23. Be4 Be5 24. g4 Bh2+ 25. Kh1 Bg3 26. Ra1 Rh2+ 27. Kg1 Rxh3
28. Kg2 Rh2+ 29. Kxg3 Re2 30. Rxa6 Rb8 31. Ra1 Kf8 32. Rb1 Rb3 33. Kf3 Rh2 34.
Ra1 h5 35. gxh5 Rxh5 36. Rf2 Rb6 37. Ra4 Rd6 38. b4 Rf6 39. Kg4 Rh7 40. b5 Ke8
41. Rxd4 Rh8 42. Bc6+ 1-0

[Event "DEM U14w 2006"]
[Site "Willingen GER"]
[Date "2006.06.06"]
[Round "5"]
[White "Kinzel, Tiffany"]
[Black "Stitterich, Nadine"]
[Result "0-1"]
[Termination "normal"]
[Board "9"]
[WhiteElo "1385"]
[BlackElo "1470"]
[PlyCount "108"]
[WhiteFideId "4633741"]
[BlackFideId "24676527"]
[EventCountry "GER"]
[EventRounds "9"]
[EventType "swiss"]
[EventDate "2006.06.03"]

1. Nc3 Nf6 2. e4 d6 3. Nf3 g6 4. d4 Bg7 5. Bc4 O-O 6. O-O Nbd7 7. Bf4 Nh5 8.
Be3 e5 9. Re1 Nb6 10. Bb3 Bg4 11. dxe5 dxe5 12. Qxd8 Rfxd8 13. Rad1 c6 14. h3
Bxf3 15. gxf3 Nf4 16. Kh2 Kf8 17. Rd2 Rxd2 18. Bxd2 Rc8 19. Be3 Ne6 20. Ne2 Nd4
21. Nxd4 exd4 22. Bd2 c5 23. c3 Rd8 24. e5 c4 25. Bd1 d3 26. b3 Rd5 27. f4 Ra5
28. a4 Ra6 29. Re4 Ra5 30. Rd4 Rc5 31. Be3 Rd5 32. Rxd5 Nxd5 33. Bd2 Bh6 34.
Kg3 Nb6 35. a5 Nd7 36. bxc4 Nc5 37. f3 Nd7 38. Kf2 Nc5 39. Ke3 Ne6 40. Kxd3
Bxf4 41. Bxf4 Nxf4+ 42. Kd4 Nxh3 43. Kd5 Ke7 44. c5 Nf4+ 45. Kc4 h5 46. Kb5 h4
47. a6 bxa6+ 48. Kxa6 h3 49. c6 Ne6 50. f4 Kd8 51. Kb7 h2 52. Bf3 a5 53. Kb8 a4
54. Bd5 Nc7 0-1

[Event "DEM U14w 2006"]
[Site "Willingen GER"]
[Date "2006.06.06"]
[Round "5"]
[White "Wisheckel, Lena"]
[Black "Rummer, Bärbel"]
[Result "1/2-1/2"]
[Termination "normal"]
[Board "10"]
[WhiteElo "1545"]
[BlackElo "1312"]
[PlyCount "21"]
[WhiteFideId "24691992"]
[BlackFideId "12900109"]
[EventCountry "GER"]
[EventRounds "9"]
[EventType "swiss"]
[EventDate "2006.06.03"]

1. e4 e5 2. Nf3 Nc6 3. Bc4 Bc5 4. O-O Nf6 5. d3 h6 6. Be3 Bb6 7. c3 d5 8. Bb5
Qd6 9. Nbd2 O-O 10. Bxc6 bxc6 11. exd5 1/2-1/2

[Event "DEM U14w 2006"]
[Site "Willingen GER"]
[Date "2006.06.06"]
[Round "5"]
[White "Kohm, Vanessa"]
[Black "Voss, Chantal"]
[Result "1-0"]
[Termination "normal"]
[Board "11"]
[WhiteElo "1562"]
[BlackElo "1718"]
[PlyCount "75"]
[WhiteFideId "4674472"]
[BlackFideId "4664906"]
[EventCountry "GER"]
[EventRounds "9"]
[EventType "swiss"]
[EventDate "2006.06.03"]

1. d4 d5 2. c4 e6 3. Nc3 c6 4. Nf3 Bd6 5. e3 Nf6 6. Bd3 dxc4 7. Bxc4 Nbd7 8.
O-O O-O 9. e4 Be7 10. Qc2 Qc7 11. Bd3 h6 12. Re1 Re8 13. Bd2 a6 14. a4 b6 15.
Rac1 Bb7 16. e5 Nd5 17. Nxd5 exd5 18. b4 Rac8 19. Bf5 Qd8 20. e6 fxe6 21. Bxe6+
Kh8 22. Bf7 Rf8 23. Qg6 Rxf7 24. Qxf7 Bf6 25. Re2 Kh7 26. Bf4 Ba8 27. Ne5 Nf8
28. Qh5 b5 29. a5 Be7 30. Nd3 Bf6 31. Be5 Nd7 32. Bxf6 Nxf6 33. Qf5+ Kh8 34.
Ne5 Kg8 35. Qe6+ Kh7 36. Nxc6 Qc7 37. Rec2 Qf4 38. Qxc8 1-0

[Event "DEM U14w 2006"]
[Site "Willingen GER"]
[Date "2006.06.06"]
[Round "5"]
[White "Micklich, Rahel"]
[Black "Lingl, Xenia"]
[Result "1-0"]
[Termination "normal"]
[Board "12"]
[WhiteElo "1785"]
[BlackElo "1483"]
[PlyCount "65"]
[WhiteFideId "24639184"]
[EventCountry "GER"]
[EventRounds "9"]
[EventType "swiss"]
[EventDate "2006.06.03"]

1. d4 d5 2. c4 e6 3. Nc3 Be7 4. Nf3 Nf6 5. Bg5 O-O 6. e3 b6 7. cxd5 Nxd5 8.
Bxe7 Nxe7 9. Bd3 Bb7 10. Rc1 Nd7 11. Be4 Bxe4 12. Nxe4 Nd5 13. a3 N7f6 14. Qc2
Rc8 15. Ne5 Nxe4 16. Qxe4 Qd6 17. Nc6 Ra8 18. O-O Ne7 19. Nxe7+ Qxe7 20. Qb7
Rfc8 21. Rc3 a5 22. Rfc1 Rab8 23. Qa7 Ra8 24. Qxb6 Rab8 25. Rxc7 Rxb6 26. Rxc8+
Qf8 27. Rxf8+ Kxf8 28. Rc2 Ke8 29. Kf1 Kd7 30. Ke2 Rb3 31. Kd2 Kd8 32. Kc1 a4
33. Rc4 1-0

[Event "DEM U14w 2006"]
[Site "Willingen GER"]
[Date "2006.06.06"]
[Round "5"]
[White "Schöbel, Ulrike"]
[Black "Sonnhalter, Stella"]
[Result "1/2-1/2"]
[Termination "normal"]
[Board "13"]
[WhiteElo "1064"]
[BlackElo "1511"]
[PlyCount "40"]
[BlackFideId "4624815"]
[EventCountry "GER"]
[EventRounds "9"]
[EventType "swiss"]
[EventDate "2006.06.03"]

1. d4 d5 2. e3 a6 3. Bd3 Nf6 4. Nf3 Bg4 5. Nbd2 e6 6. O-O Nbd7 7. Re1 c5 8. c3
b5 9. Qe2 Be7 10. e4 Nb6 11. exd5 Nbxd5 12. Be4 O-O 13. h3 Bh5 14. Bxd5 Nxd5
15. Qe5 Bg6 16. Ne4 Qb6 17. dxc5 Bxc5 18. Nxc5 Qxc5 19. Be3 Qc4 20. Bd4 Nf6
1/2-1/2

[Event "DEM U14w 2006"]
[Site "Willingen GER"]
[Date "2006.06.07"]
[Round "6"]
[White "Bochis, Julia"]
[Black "Endress, Anna"]
[Result "0-1"]
[Termination "normal"]
[Board "1"]
[WhiteElo "1828"]
[BlackElo "1949"]
[PlyCount "126"]
[WhiteFideId "24647276"]
[BlackFideId "24629472"]
[EventCountry "GER"]
[EventRounds "9"]
[EventType "swiss"]
[EventDate "2006.06.03"]

1. Nf3 d5 2. c4 e6 3. g3 Nf6 4. Bg2 Be7 5. O-O O-O 6. b3 b6 7. Bb2 Bb7 8. d3
Nbd7 9. Nbd2 c5 10. cxd5 Nxd5 11. a3 Bf6 12. Qc2 Nc7 13. Rac1 Rc8 14. Ne4 Bxb2
15. Qxb2 Qe7 16. Rc2 Rfd8 17. Rfc1 Nb5 18. b4 cxb4 19. Qxb4 Qxb4 20. axb4 Rxc2
21. Rxc2 Rc8 22. Rxc8+ Bxc8 23. Kf1 Kf8 24. Ke1 Nb8 25. Kd2 Ke7 26. Nc3 Nd6 27.
Nd4 Bb7 28. Bxb7 Nxb7 29. f4 Kd7 30. e4 Nc6 31. Nxc6 Kxc6 32. d4 Nd6 33. Kd3 a5
34. bxa5 bxa5 35. g4 g6 36. h3 Nb5 37. d5+ exd5 38. exd5+ Kc5 39. Ne4+ Kxd5 40.
Nf6+ Kc5 41. Nxh7 a4 42. Kc2 Kb4 43. Kb2 a3+ 44. Ka2 Nc3+ 45. Ka1 Nd5 46. Ng5
Nxf4 47. Nxf7 Nd3 48. Ng5 Ne5 49. Ne6 Nf3 50. Ka2 g5 51. Nxg5 Nxg5 52. h4 Nf3
53. h5 Ng5 54. h6 Ka4 55. Ka1 Kb3 56. h7 Nxh7 57. Kb1 Ng5 58. Ka1 Ne6 59. g5
Nxg5 60. Kb1 Ne6 61. Ka1 Nd4 62. Kb1 a2+ 63. Ka1 Nc2# 0-1

[Event "DEM U14w 2006"]
[Site "Willingen GER"]
[Date "2006.06.07"]
[Round "6"]
[White "Smolkina, Milana"]
[Black "Frey, Alisa"]
[Result "1-0"]
[Termination "normal"]
[Board "2"]
[WhiteElo "1822"]
[BlackElo "1877"]
[PlyCount "95"]
[WhiteFideId "24618780"]
[BlackFideId "24634662"]
[EventCountry "GER"]
[EventRounds "9"]
[EventType "swiss"]
[EventDate "2006.06.03"]

1. e4 e5 2. Bc4 Nf6 3. d3 d5 4. exd5 Nxd5 5. Nf3 Nc6 6. Qe2 f6 7. O-O Bg4 8.
Qe4 Bxf3 9. Qxf3 Nb6 10. Bb5 Qd5 11. Bxc6+ Qxc6 12. Qxc6+ bxc6 13. Re1 Bc5 14.
Nd2 O-O 15. Nb3 Bd6 16. Be3 Rfe8 17. Re2 Re6 18. Rae1 Rae8 19. Bxb6 cxb6 20.
Nd4 R6e7 21. Nxc6 Rc7 22. Nd4 a6 23. Nf5 Rd8 24. Nxd6 Rxd6 25. f3 Kf7 26. Kf2
b5 27. Rd2 Rcd7 28. Re4 Rd4 29. Rxd4 Rxd4 30. c3 Rd5 31. Ke3 Ke7 32. d4 Ke6 33.
f4 h6 34. dxe5 Rxd2 35. Kxd2 fxe5 36. Ke3 Kf5 37. fxe5 Kxe5 38. b3 g6 39. g3 g5
40. h3 h5 41. c4 bxc4 42. bxc4 a5 43. a4 Kd6 44. Kd4 Kc6 45. c5 h4 46. g4 Kc7
47. Kd5 Kd7 48. c6+ 1-0

[Event "DEM U14w 2006"]
[Site "Willingen GER"]
[Date "2006.06.07"]
[Round "6"]
[White "Mertens, Pauline"]
[Black "Blübaum, Johanna"]
[Result "0-1"]
[Termination "normal"]
[Board "3"]
[WhiteElo "1658"]
[BlackElo "1707"]
[PlyCount "74"]
[WhiteFideId "24671959"]
[BlackFideId "24647373"]
[EventCountry "GER"]
[EventRounds "9"]
[EventType "swiss"]
[EventDate "2006.06.03"]

1. e4 e6 2. Nf3 d5 3. e5 c5 4. b4 cxb4 5. a3 b3 6. c3 Qb6 7. Bb2 Bd7 8. a4 Nc6
9. d4 Na5 10. Nbd2 Rc8 11. Be2 Nh6 12. Qb1 Be7 13. h4 f5 14. exf6 Bxf6 15. Bd3
Kd8 16. Bxh7 Nf5 17. Bg6 Nxh4 18. Nxh4 Rxh4 19. Rxh4 Bxh4 20. Nf3 Be7 21. Ne5
Nc4 22. Nxc4 dxc4 23. Qe4 Qc6 24. a5 Qxe4+ 25. Bxe4 Bc6 26. Bxc6 Rxc6 27. Ra4
Kd7 28. Ke2 Kc7 29. Ke3 b5 30. axb6+ Kxb6 31. Ke4 a5 32. Ra1 Kb5 33. Ke3 a4 34.
Kd2 a3 35. Bxa3 Bxa3 36. Rxa3 Ra6 37. Rxa6 Kxa6 0-1

[Event "DEM U14w 2006"]
[Site "Willingen GER"]
[Date "2006.06.07"]
[Round "6"]
[White "Penne, Bo"]
[Black "Falke, Cynthia"]
[Result "1/2-1/2"]
[Termination "normal"]
[Board "4"]
[WhiteElo "1867"]
[BlackElo "1307"]
[PlyCount "88"]
[WhiteFideId "24642193"]
[BlackFideId "24600644"]
[EventCountry "GER"]
[EventRounds "9"]
[EventType "swiss"]
[EventDate "2006.06.03"]

1. e4 e6 2. d4 d5 3. exd5 exd5 4. Bd3 Nc6 5. c3 Bd6 6. Ne2 Nge7 7. Bf4 Be6 8.
Nd2 Qd7 9. Qc2 O-O-O 10. O-O-O h6 11. h4 Rde8 12. Rde1 a6 13. Nb3 f6 14. Bg3
Nf5 15. Bxd6 Nxd6 16. Nc5 Qd8 17. Nf4 Bf7 18. Qa4 Nb8 19. Nfe6 Bxe6 20. Nxe6
Qd7 21. Qxd7+ Nxd7 22. Bg6 Re7 23. Nf4 Rxe1+ 24. Rxe1 Nf8 25. Bc2 c6 26. Ng6
Nxg6 27. Bxg6 Kd7 28. h5 Rf8 29. Bd3 Re8 30. Rxe8 Nxe8 31. b3 Nd6 32. f3 b5 33.
Kc2 Ke6 34. Kd2 Nf5 35. g4 Nd6 36. Ke3 f5 37. Kf4 fxg4 38. fxg4 Kf6 39. Bf5
Nxf5 40. gxf5 a5 41. a3 a4 42. b4 Kf7 43. Ke5 Ke7 44. Kf4 Kf6 1/2-1/2

[Event "DEM U14w 2006"]
[Site "Willingen GER"]
[Date "2006.06.07"]
[Round "6"]
[White "Stitterich, Nadine"]
[Black "Hohmann, Louisa"]
[Result "0-1"]
[Termination "normal"]
[Board "5"]
[WhiteElo "1470"]
[BlackElo "1662"]
[PlyCount "66"]
[WhiteFideId "24676527"]
[EventCountry "GER"]
[EventRounds "9"]
[EventType "swiss"]
[EventDate "2006.06.03"]

1. e4 e5 2. Nf3 Nf6 3. Nxe5 d6 4. Nf3 Nxe4 5. d4 d5 6. Bd3 Nc6 7. O-O Be7 8. h3
O-O 9. Re1 Nf6 10. Nc3 Be6 11. Be3 Qd7 12. Bb5 a6 13. Ba4 Bb4 14. Ne5 Qe8 15.
Nxc6 bxc6 16. Bd2 Qd7 17. Bb3 Bd6 18. Qf3 Bf5 19. Bf4 a5 20. Ba4 Be4 21. Nxe4
dxe4 22. Qc3 Bxf4 23. Bxc6 Qd6 24. Bxa8 Rxa8 25. Red1 Nd5 26. Qe1 e3 27. f3 Bg3
28. Qe2 Bf2+ 29. Kh1 Qg3 30. Qb5 Nf4 31. Rg1 Bxg1 32. Rxg1 Nxh3 33. Qc6 Nf2#
0-1

[Event "DEM U14w 2006"]
[Site "Willingen GER"]
[Date "2006.06.07"]
[Round "6"]
[White "Mijatovic, Andrea"]
[Black "Garny, Annica"]
[Result "1-0"]
[Termination "normal"]
[Board "6"]
[WhiteElo "1913"]
[BlackElo "1195"]
[PlyCount "99"]
[WhiteFideId "14514524"]
[BlackFideId "24600660"]
[EventCountry "GER"]
[EventRounds "9"]
[EventType "swiss"]
[EventDate "2006.06.03"]

1. e4 e5 2. Nf3 Nc6 3. d4 exd4 4. Bc4 Be7 5. c3 d6 6. cxd4 a6 7. Qb3 Na5 8.
Bxf7+ Kf8 9. Qa4 Kxf7 10. Qxa5 Nf6 11. Nc3 c6 12. Qxd8 Rxd8 13. O-O b5 14. Re1
Bb7 15. Ng5+ Kg8 16. f3 h6 17. Ne6 Rd7 18. Nf4 Kf7 19. Be3 g5 20. Nd3 Rc8 21.
Bf2 Kf8 22. a4 Ra8 23. e5 Ne8 24. Bg3 Ng7 25. exd6 Bxd6 26. Bxd6+ Rxd6 27. Nc5
Rb8 28. Nxb7 Rxb7 29. axb5 axb5 30. Ra6 Nf5 31. d5 cxd5 32. Rxd6 Nxd6 33. Nxd5
Nc4 34. b4 Kf7 35. Ne3 Nxe3 36. Rxe3 Re7 37. Rxe7+ Kxe7 38. Kf2 Ke6 39. Ke3 Ke5
40. g3 h5 41. f4+ Kf5 42. fxg5 Kxg5 43. Kf3 Kf5 44. h3 Kg5 45. Ke4 Kg6 46. Kd5
Kf5 47. g4+ hxg4 48. hxg4+ Kxg4 49. Kc5 Kf5 50. Kxb5 1-0

[Event "DEM U14w 2006"]
[Site "Willingen GER"]
[Date "2006.06.07"]
[Round "6"]
[White "Dorn, Carina"]
[Black "Müller, Anna-Louise"]
[Result "1/2-1/2"]
[Termination "normal"]
[Board "7"]
[WhiteElo "1588"]
[BlackElo "1432"]
[PlyCount "84"]
[WhiteFideId "24666335"]
[BlackFideId "4633512"]
[EventCountry "GER"]
[EventRounds "9"]
[EventType "swiss"]
[EventDate "2006.06.03"]

1. d4 Nf6 2. c4 g6 3. Nc3 Bg7 4. e4 d6 5. Nf3 O-O 6. Be2 Nbd7 7. O-O e5 8. Re1
h6 9. Bf1 Nh7 10. Rb1 f5 11. exf5 gxf5 12. dxe5 Nxe5 13. Nxe5 dxe5 14. Kh1 c6
15. Qh5 Nf6 16. Qg6 Qe8 17. Qxe8 Rxe8 18. Rd1 Ng4 19. Kg1 Be6 20. h3 Nf6 21.
Be3 f4 22. Bc5 Bf5 23. Rbc1 Bf8 24. Bxf8 Kxf8 25. Rd6 Kg7 26. f3 Rad8 27. Rcd1
Rxd6 28. Rxd6 Re7 29. Bd3 Bxd3 30. Rxd3 Kg6 31. Kf2 Kf5 32. b3 h5 33. Rd2 h4
34. Re2 Rd7 35. Ne4 Nxe4+ 36. fxe4+ Kg5 37. Rc2 Rd3 38. Re2 Rd4 39. Kf1 Rd1+
40. Kf2 Rd4 41. Kf1 Rd1+ 42. Kf2 Rd4 1/2-1/2

[Event "DEM U14w 2006"]
[Site "Willingen GER"]
[Date "2006.06.07"]
[Round "6"]
[White "Becher, Anne"]
[Black "Schultheiß, Vera"]
[Result "1-0"]
[Termination "normal"]
[Board "8"]
[WhiteElo "1555"]
[BlackElo "1370"]
[PlyCount "73"]
[EventCountry "GER"]
[EventRounds "9"]
[EventType "swiss"]
[EventDate "2006.06.03"]

1. c4 e5 2. Nc3 Nf6 3. g3 d5 4. cxd5 Nxd5 5. Bg2 Be6 6. Nf3 f6 7. O-O Qd7 8. b3
Nc6 9. Bb2 O-O-O 10. Rc1 Kb8 11. Ne4 h5 12. d4 Bd6 13. dxe5 Nxe5 14. Nxe5 Bxe5
15. Bxe5 fxe5 16. Nc5 Qc8 17. Qc2 Bf7 18. Qc4 Rhf8 19. Rfd1 c6 20. Qc2 Ne7 21.
Qc3 Ng6 22. a4 Rxd1+ 23. Rxd1 Rd8 24. Rxd8 Qxd8 25. Qf3 Nh8 26. Qf5 Qd6 27. b4
g6 28. Nd7+ Kc7 29. Qxe5 Kxd7 30. Qxh8 Qd1+ 31. Bf1 Qxa4 32. Qd4+ Ke7 33. Qe5+
Be6 34. Qc7+ Kf6 35. Qxb7 Qd1 36. Qxc6 Ke5 37. Qc5+ 1-0

[Event "DEM U14w 2006"]
[Site "Willingen GER"]
[Date "2006.06.07"]
[Round "6"]
[White "Rummer, Bärbel"]
[Black "Kohm, Vanessa"]
[Result "0-1"]
[Termination "normal"]
[Board "9"]
[WhiteElo "1312"]
[BlackElo "1562"]
[PlyCount "88"]
[WhiteFideId "12900109"]
[BlackFideId "4674472"]
[EventCountry "GER"]
[EventRounds "9"]
[EventType "swiss"]
[EventDate "2006.06.03"]

1. e4 c5 2. Nc3 Nc6 3. g3 e6 4. Bg2 g6 5. d3 Bg7 6. f4 d6 7. Nf3 Nge7 8. Be3
Nd4 9. O-O O-O 10. Rb1 Rb8 11. Ne2 Nec6 12. c3 Nxf3+ 13. Rxf3 Qa5 14. Ra1 b6
15. Qb3 Bb7 16. Raf1 Qa6 17. Nc1 Ba8 18. g4 Na5 19. Qc2 f5 20. Rg3 Qc8 21. Bf3
Nc6 22. Qb3 Kh8 23. gxf5 exf5 24. Ne2 Qd7 25. Rf2 Rbe8 26. Rgg2 Na5 27. Qc2 Qe6
28. Ng3 Qxa2 29. Qc1 Qe6 30. Qc2 Nc6 31. Bd2 Ne7 32. Re2 Qd7 33. Rgf2 a5 34.
Qb3 b5 35. Qc2 a4 36. Bc1 Bb7 37. b3 Ra8 38. bxa4 bxa4 39. c4 Nc6 40. Ba3 Nd4
41. Qa2 Nxe2+ 42. Bxe2 Qe7 43. Qb1 Bc6 44. Bd1 Bd4 0-1

[Event "DEM U14w 2006"]
[Site "Willingen GER"]
[Date "2006.06.07"]
[Round "6"]
[White "Nguyen Minh, Thuy"]
[Black "Wisheckel, Lena"]
[Result "1-0"]
[Termination "normal"]
[Board "10"]
[WhiteElo "1527"]
[BlackElo "1545"]
[PlyCount "135"]
[WhiteFideId "24672688"]
[BlackFideId "24691992"]
[EventCountry "GER"]
[EventRounds "9"]
[EventType "swiss"]
[EventDate "2006.06.03"]

1. e4 e5 2. Nf3 Nf6 3. Nxe5 d6 4. Nf3 Nxe4 5. d4 d5 6. Bd3 Be7 7. O-O O-O 8. c4
c6 9. Re1 Nf6 10. Bg5 Bg4 11. Nbd2 Nbd7 12. c5 b6 13. b4 a5 14. bxa5 Rxa5 15.
cxb6 Nxb6 16. Qc2 h6 17. Bxf6 Bxf6 18. Qxc6 Nc8 19. Nb3 Ra3 20. Ne5 Be6 21. f4
Ne7 22. Qc5 Qa8 23. Qc2 Rc8 24. Qb1 Qa7 25. Kh1 Nc6 26. f5 Bd7 27. Nxd7 Qxd7
28. Bb5 Qd6 29. Bxc6 Qxc6 30. Rc1 Qa8 31. Rxc8+ Qxc8 32. Qb2 Ra8 33. Qf2 Qc3
34. Rc1 Qd3 35. Qc2 Qe3 36. Rd1 Ra4 37. Qd2 Qe7 38. Re1 Qa3 39. Re2 Bxd4 40.
Nxd4 Qc5 41. Nb3 Qb5 42. h3 d4 43. Rf2 d3 44. Rf3 Ra8 45. Rxd3 Qxf5 46. Rd8+
Rxd8 47. Qxd8+ Kh7 48. Qd1 Qf2 49. Qb1+ g6 50. a4 Qa7 51. Qa1 Qb6 52. Qa2 h5
53. a5 Qa6 54. Nc5 Qf1+ 55. Kh2 h4 56. Qa4 Qe1 57. Ne4 Qf1 58. Ng5+ Kg7 59.
Qxh4 Qb5 60. Qh7+ Kf6 61. Ne4+ Ke5 62. Qh4 f5 63. Qe7+ Kf4 64. g3+ Kf3 65. Nd2+
Kf2 66. Qa7+ Ke1 67. Qe3+ Kd1 68. Qb3+ 1-0

[Event "DEM U14w 2006"]
[Site "Willingen GER"]
[Date "2006.06.07"]
[Round "6"]
[White "Sonnhalter, Stella"]
[Black "Micklich, Rahel"]
[Result "1/2-1/2"]
[Termination "normal"]
[Board "11"]
[WhiteElo "1511"]
[BlackElo "1785"]
[PlyCount "48"]
[WhiteFideId "4624815"]
[BlackFideId "24639184"]
[EventCountry "GER"]
[EventRounds "9"]
[EventType "swiss"]
[EventDate "2006.06.03"]

1. e4 c5 2. d3 Nc6 3. g3 d6 4. Bg2 Nf6 5. Nf3 g6 6. O-O Bg7 7. Nbd2 Bd7 8. Nb3
O-O 9. Re1 Ng4 10. h3 Nge5 11. Nxe5 Nxe5 12. f4 Nc6 13. Qf3 a5 14. a4 Nb4 15.
Re2 f5 16. c3 Nc6 17. Be3 e5 18. Rf1 Qb6 19. Nc1 Ne7 20. b3 exf4 21. Bxf4 Bxc3
22. exf5 Nxf5 23. Qxb7 Qxb7 24. Bxb7 Rab8 1/2-1/2